Historia general de la música / (Record no. 43634)

MARC details
000 -LEADER
fixed length control field 00992nam a22002537a 4500
005 - DATE AND TIME OF LATEST TRANSACTION
control field 20201208130156.0
008 - FIXED-LENGTH DATA ELEMENTS--GENERAL INFORMATION
fixed length control field 131022t sp||||| |||| 00| 0 spa d
020 ## - INTERNATIONAL STANDARD BOOK NUMBER
International Standard Book Number 847090034X (Tomo 1)
020 ## - INTERNATIONAL STANDARD BOOK NUMBER
International Standard Book Number 8470900358 (Tomo 2)
020 ## - INTERNATIONAL STANDARD BOOK NUMBER
International Standard Book Number 8470900366 (Tomo 3)
020 ## - INTERNATIONAL STANDARD BOOK NUMBER
International Standard Book Number 8470900854 (Obra completa)
050 04 - LIBRARY OF CONGRESS CALL NUMBER
Classification number ML160
Item number H57 1977
240 0# - UNIFORM TITLE
Uniform title The Pelican history of music
Language of a work Español
245 00 - TITLE STATEMENT
Title Historia general de la música /
Statement of responsibility, etc Robertson, Alec, Stevens, Denis...[et al ]
250 ## - EDITION STATEMENT
Edition statement 2a ed.
260 ## - PUBLICATION, DISTRIBUTION, ETC. (IMPRINT)
Place of publication, distribution, etc Madrid :
Name of publisher, distributor, etc Ediciones ISTMO : Editorial Alpuerto,
Date of publication, distribution, etc 1977
300 ## - PHYSICAL DESCRIPTION
Extent 3 v. :
Other physical details il. ;
Dimensions 18 cm.
490 0# - SERIES STATEMENT
Series statement Colección :
-- Fundamentos ;
Volume number/sequential designation 5, 6, 7
500 ## - GENERAL NOTE
General note Publicada en diferentes reimpresiones
505 ## - FORMATTED CONTENTS NOTE
Formatted contents note Contenido:
Miscellaneous information v.1 |t Antiguas formas de polifonía -- v.2 |t Desde el renacimiento hasta el barroco -- v.3 |t Desde el clasicismo hasta el siglo XX.
650 #4 - SUBJECT ADDED ENTRY--TOPICAL TERM
Topical term or geographic name as entry element Musica
General subdivision HIstoria y crítica
700 1# - ADDED ENTRY--PERSONAL NAME
Personal name Robertson, Alec,
Fuller form of name autor
700 1# - ADDED ENTRY--PERSONAL NAME
Personal name Stevens, Denis,
Fuller form of name autor
942 ## - ADDED ENTRY ELEMENTS (KOHA)
Source of classification or shelving scheme Biblioteca del Cogreso de los Estados Unidos
Koha item type Libro
Holdings
Estado de pérdida Fuente de clasificación Estado del daño No para préstamo Ubicación permanente Ubicación actual Fecha de adquisición Fuente de adquisición Enumeración de Serie / Cronológica Clasificación Código de Barras Date last seen Número de copia Tipo de recurso Nota pública Apartado o colección Edición Área del conocimiento Costo por reposición
  Biblioteca del Cogreso de los Estados Unidos     Biblioteca de la Facultad de Letras Biblioteca de la Facultad de Letras 22/10/2013   LLH000003187 ML160 H57 1977 V.1 LLH000003187 22/10/2013 V.1 C:1 Libro General        
  Biblioteca del Cogreso de los Estados Unidos     Biblioteca de la Facultad de Letras Biblioteca de la Facultad de Letras 22/10/2013   V.2 ML160 H57 1977 LLH000003188 22/10/2013 V.2 C:1 Libro General General 2a ed. Educación y Humanidades 1.00
  Biblioteca del Cogreso de los Estados Unidos     Biblioteca de la Facultad de Letras Biblioteca de la Facultad de Letras 22/10/2013   LLH000003189 ML160 H57 1977 V.3 LLH000003189 22/10/2013 V.3 C:1 Libro General